Costa Pacífica Americana - Estadísticas

Estadísticas generales
  • Esta prueba ha sido intentada 3.918 veces
  • La puntuación promedio es 12 de 13
Estadísticas de respuestas
País % Correcto
Canadá
100%
México
91%
Estados Unidos
90%
Guatemala
89%
El Salvador
88%
Chile
87%
Colombia
87%
Ecuador
87%
Honduras
87%
Panamá
87%
Perú
87%
Costa Rica
86%
Nicaragua
86%
No se encontraron pruebas coincidentes
Distribución de puntuación
Porcentaje de gente con cada puntuación
Porcentaje por número respondido
Historial de tus puntuaciones
No has intentado esta prueba.